Unerstanding mathematics for young children: (Record no. 151194)

MARC details
000 -LEADER
fixed length control field 00755nam a22002177a 4500
005 - DATE AND TIME OF LATEST TRANSACTION
control field 20180413152330.0
010 ## - LCCN (DPL NO)
LC control number ENG-122576
020 ## - INTERNATIONAL STANDARD BOOK NUMBER
International Standard Book Number 9789352806010
Terms of availability 1050.00
035 ## - SYSTEM CONTROL NUMBER
System control number EN-106108
037 ## - SOURCE OF ACQUISITION
Source of stock number/acquisition DBAD/PUB
082 ## - DEWEY DECIMAL CLASSIFICATION NUMBER
Classification number 372.70440941
100 ## - MAIN ENTRY--PERSONAL NAME
Personal name Haylock, Derek
245 ## - TITLE STATEMENT
Title Unerstanding mathematics for young children:
Statement of responsibility, etc by Derek Haylock [and] Anne Cockburn
Remainder of title a guide for teachers of children 3-8 /
250 ## - EDITION STATEMENT
Edition statement 4th edi.
260 ## - PUBLICATION, DISTRIBUTION, ETC. (IMPRINT)
Place of publication, distribution, etc New Delhi
Name of publisher, distributor, etc Sage Publications
Date of publication, distribution, etc 2018
270 ## - ADDRESS
Address B-1/I-1, Mohan Cooperative Industrial Area, Mathura Road,
City New Delhi
Postal code 110044
300 ## - PHYSICAL DESCRIPTION
Extent 325p.
Dimensions 25cm.(pbk)
Other physical details ill.
500 ## - GENERAL NOTE
General note It include reference and index
700 ## - ADDED ENTRY--PERSONAL NAME
Dates associated with a name Cockburn, Anne
942 ## - ADDED ENTRY ELEMENTS (KOHA)
Source of classification or shelving scheme Dewey Decimal Classification
Item type English Books
Call number suffix HAY
Classification part 372.70440941
Holdings
Withdrawn status Lost status Not for loan Collection code Home library Current library Date acquired Source of acquisition Cost, normal purchase price Full call number Barcode Copy number Cost, replacement price Koha item type
      Non-fiction Shahdara Branch Shahdara Branch 16/04/2018 DBAD/PUB 1050.00 372.70440941 HAY EN-106108 1 1050.00 English Books

© Delhi Public Library
Hit Counter
free hit counter